Diana - One Direction (All Lyrics) - Statistics

General Stats
  • This quiz has been taken 430 times
  • The average score is 228 of 286
Answer Stats
Answer % Correct
Diana
100%
The
99%
the
99%
be
98%
I
98%
me
98%
you
98%
You
98%
a
97%
one
97%
Let
96%
let
96%
to
96%
don’t
93%
your
93%
hear
92%
but
90%
But
90%
know
88%
can
87%
even
87%
fire
87%
inside
85%
so
82%
all?
80%
all
80%
could
80%
crying
80%
light
80%
Oh-ah-oh
80%
oh-oh
80%
oh-oh-oh
80%
at
78%
feel
78%
eyes
76%
never
76%
not
76%
Oh
76%
baby
75%
Baby,
75%
mine
75%
still
75%
heart
74%
How
74%
those
74%
and
73%
been
73%
call
72%
miss
72%
saving
72%
save
71%
think
71%
different
70%
language
70%
realize
70%
someone
70%
speak
70%
life
69%
lonely
69%
look
69%
make
69%
You’ve
69%
I’m
68%
you’d
66%
would
65%
small
64%
mistreat
63%
They
63%
criminal
61%
pictures
61%
front
58%
up
58%
lift
54%
ya
54%
pages
52%
We
52%
down
50%
for
50%
It’s
47%
wanna
47%
This
46%
are
43%
can’t
43%
If
43%
only
43%
break
40%
mislead
40%
hold
39%
now
39%
out
39%
I’d
38%
months
38%
need
38%
these
38%
four
37%
something
36%
walls
36%
fallen
35%
far
35%
over
35%
put
35%
reach
34%
Swear
33%
No matching quizzes found
Score Distribution
Percent of People with Each Score
Percentile by Number Answered
Your Score History
You have not taken this quiz